Brand management a rozvoj destinácií v cestovnom ruchu bakalárska práca

Guardado en:
Detalles Bibliográficos
Autor principal: Bardoňová, Andrea
Autor Corporativo: Obchodná fakulta EU. Katedra služieb a cestovného ruchu - zrušené
Otros Autores: Gangur, Michal
Formato: Libro
Lenguaje:eslovaco
Publicado: Bratislava 2009
Etiquetas: Agregar Etiqueta
Sin Etiquetas, Sea el primero en etiquetar este registro!

MARC

LEADER 00000nam$a2200000$$$4500
001 0102542
005 20240318140100.2
041 0 |a slo 
044 |a SK 
245 1 0 |a Brand management a rozvoj destinácií v cestovnom ruchu  |b bakalárska práca  |c Andrea Bardoňová ; škol. Michal Gangur 
264 1 |a Bratislava  |c 2009 
300 |a 47 s. 
100 1 |a Bardoňová, Andrea 
700 1 |a Gangur, Michal 
710 2 |a Obchodná fakulta EU. Katedra služieb a cestovného ruchu - zrušené